000 01705cam a2200289 4500
001 ##L133646
002 ##9356
008 060525n2006 000 0 eng u
020 _a1853289892
_a9781853289897
035 _a(Sirsi) u133646
041 0 _aeng
050 0 4 _a333.333 $2 18
100 1 _aGarson, Michael
245 0 0 _aHome information packs
_ba guide to the new law
260 _aLondon
_bLaw Society
_c2006
300 _axxviii, 323p.
_c24cm.
350 _a34.95
505 1 _aNew concepts and definitions -- Transitional period, excluded property and new homes -- Contents of the home information pack -- Home condition report and energy performance certificate -- Responsible person -- Key players -- Preparing the home information pack -- Enforcement -- Remedies -- Complaints and redress -- The dry run -- The future
520 _aProvides guidance for property professionals and lawyers on the new regime introduced by the Housing Act 2004 Part V. Considers the implications of home information packs and the changes required to current practice from the different perspectives of surveyors, estate agents, conveyancers, buyers and sellers. Appendices include Part V of the Act and subsidiary regulations, related legislation, a sample home condition report and energy performance certificate, forms from draft regulations, and various checklists. Bibliography.
590 _aKA
650 2 4 _aHOUSING ACT 2004 PART V
650 2 4 _aHOME INFORMATION PACK REGULATIONS 2006
650 2 4 _aHOME INFORMATION PACKS
651 4 _aEngland and Wales
_y1543-
690 _aPROPERTY-RESIDENTIAL PROPERTY-ACQUISITION AND DISPOSAL OF RESIDENTIAL PROPERTY-HOME BUYING REFORM
942 _n0
999 _c105439
_d105439